| 000 | 00560nam a2200193Ia 4500 | ||
|---|---|---|---|
| 003 | GCL | ||
| 008 | 140319s9999 xx 000 0 ara d | ||
| 040 |
_aGCL / _cGCL |
||
| 082 | 0 | 4 |
_a145 _bم ف |
| 100 | 1 | _aمحمود فهمى زيدان | |
| 245 | 1 | 0 |
_aفى النفس والجسد : بحث فى الفلسفة المعاصرة / _cمحمود فهمى زيدان |
| 300 | _a228 ص | ||
| 490 | _a | ||
| 650 | 0 | 4 | _aالفلسفة |
| 650 | 0 | 4 | _aالفلسفة الحديثة |
| 650 | 0 | 4 | _aالروح |
| 650 | 0 | 4 | _aالعقل والجسد |
| 942 |
_2ddc _cBK |
||
| 999 |
_c40807 _d40807 |
||